Μότσαρτ και Σαλιέρι ; Ο πέτρινος επισκέπτης

Αποθηκεύτηκε σε:
Λεπτομέρειες βιβλιογραφικής εγγραφής
Κύριος συγγραφέας: Pushkin, Aleksandr Sergeevich 1799-1837
Άλλοι συγγραφείς: Ανταίος, Πέτρος, 1920-2002 (Μεταφραστής)
Μορφή: Βιβλίο
Γλώσσα:Greek
Δημοσίευση: Αθήνα : Δωδώνη, 1990
Σειρά:Παγκόσμιο θέατρο. Μικρή θεατρική βιβλιοθήκη. 18
Θέματα:
Ετικέτες: Προσθήκη ετικέτας
Δεν υπάρχουν, Καταχωρήστε ετικέτα πρώτοι!

MARC

LEADER 00000nam a2200000 i 4500
001 1/77155
008 980818s1990 gre d
020 |a 960-248-013-0 
035 |l 10032591 
040 |a GR-MY-UA  |b gre  |e aacr 
041 0 |a gre 
082 0 |a 891.72 
100 1 |a Pushkin, Aleksandr Sergeevich  |d 1799-1837. 
245 1 0 |a Μότσαρτ και Σαλιέρι ; Ο πέτρινος επισκέπτης /  |c Αλεξάντρ Σεργκέγιεβιτς Πούσκιν ; μετάφραση από τα ρωσικά Πέτρου Ανταίου 
260 |a Αθήνα :   |b Δωδώνη,   |c 1990 
300 |a 69 σ. 
490 1 |a (Παγκόσμιο θέατρο. Μικρή θεατρική βιβλιοθήκη ;   |v 18) 
650 0 0 |a Russian drama. 
700 1 |4 trl  |a Ανταίος, Πέτρος,   |d 1920-2002. 
830 0 |a Παγκόσμιο θέατρο.   |p Μικρή θεατρική βιβλιοθήκη.  |v 18 
852 |a INST  |b RHODES  |e 19980818  |h 891.72 PUS  |p 005400006075  |q 005400006075  |t BK  |y 0 
901 |a BIBL-1998-2 
909 |a Ρ  |b 055303  |c 1998 
922 |a 4ΕΛΗ  |b 199802  |c ΚΠΣ/Ν 
970 |z 2000/06/ΟΙΚΟΝΟΜΟΠΟΥΛΟΥ (SUBJECT)